000 01254nam a22003137a 4500
001 BD-DhSAU 8665
003 BD-DhSAU
005 20181218112620.0
008 150613b2017 bg a|||| m||| 00| 0 eng d
040 _aBD-DhSAU
082 _222
_a595.7
_bH7949
100 _a Hossan , Saddam
_4Registration No. #11-04471
245 _aEffectiveness of some Biopesticides and Chemical Pesticides to manage Legume Pod Borer (Maruca Vitrata) on yard long Bean /
_c Hossan , Saddam
_bMs Thesis
260 _aSher-e-Bangla Agricultural University :
_bDepartment of Entomology,
_c2017.
300 _aviii ; 59p. :
_bill. ;
_c30 cm.
500 _aMS thesis of Department of Entomology, Faculty of Agriculture, Sher-e-Bangla Agricultural University, Dhaka, Bangladesh
504 _aIncludes bibliographical references.
590 _aShofi
650 _aEntomology
650 _aEffectiveness
650 _aBiopesticides
650 _aChemical Pesticides
650 _a Legume Pod Borer (Maruca Vitrata)
650 _aYard long Bean
700 _aRahman , Md. Mizanur
_eSuperviser
700 _aAkther , Ayesha
_eCo-superviser
856 _uhttp://archive.saulibrary.edu.bd:8080/xmlui/handle/123456789/1659
_yOnline Access
942 _2ddc
_cTHESIS
999 _c14361
_d14360